| 000 | 00791nac a22001931u 4500 | ||
|---|---|---|---|
| 008 | 100905t xxu||||| |||| 00| 0 eng d | ||
| 010 | _a2002040576 | ||
| 020 | _a076370444X | ||
| 082 | 0 | 0 |
_a004.22 _bN969 |
| 100 |
_aNull, Linda. _918030 |
||
| 245 | 1 | 4 |
_aThe essentials of computer organization and architecture / _cLinda Null, Julia Lobur. |
| 260 |
_aSudbury, Mass. : _bJones and Bartlett Publishers, _cc2003. |
||
| 300 |
_axxx, 673 p. : _bill. ; _c24 cm. |
||
| 650 | 0 |
_aComputer organization. _918031 |
|
| 650 | 0 |
_aComputer architecture. _918032 |
|
| 700 | 1 |
_aLobur, Julia. _918033 |
|
| 942 |
_cBB _k004.22N969 _2ddc |
||
| 999 |
_c606 _d606 |
||